Vedic sanskriti ka sandesh/ (Record no. 49519)

000 -LEADER
fixed length control field 00427nam a22001571a 4500
082 ## - DEWEY DECIMAL CLASSIFICATION NUMBER
Classification number H 934.02
Item number SAT/V
100 ## - MAIN ENTRY--AUTHOR NAME
Personal name Satyavrat Siddhantalankar
245 ## - TITLE STATEMENT
Title Vedic sanskriti ka sandesh/
Statement of responsibility, etc by Satyavrat Siddhantalankar
260 ## - PUBLICATION, DISTRIBUTION, ETC. (IMPRINT)
Place of publication New Delhi:
Name of publisher Sanskar Prakasan,
Year of publication 1999.
300 ## - PHYSICAL DESCRIPTION
Number of Pages 334p.
650 ## - SUBJECT ADDED ENTRY--TOPICAL TERM
Topical Term History Vedic Period
650 ## - SUBJECT ADDED ENTRY--TOPICAL TERM
Topical Term History Ancient India
650 ## - SUBJECT ADDED ENTRY--TOPICAL TERM
Topical Term History India
650 ## - SUBJECT ADDED ENTRY--TOPICAL TERM
Topical Term History
942 ## - ADDED ENTRY ELEMENTS (KOHA)
Koha item type Book
Holdings
Withdrawn status Lost status Damaged status Not for loan Permanent Location Current Location Date acquired Cost, normal purchase price Full call number Accession Number Cost, replacement price Price effective from Koha item type
        Sree Sankaracharya University of Sanskrit Sree Sankaracharya University of Sanskrit 08.01.2015 200.00 H 934.02 SAT/V 037079 0.00 08.01.2015 Book